| 000 | 01173cam a2200313 a 4500 | ||
|---|---|---|---|
| 001 | 13474745 | ||
| 003 | NUST-PNEC | ||
| 005 | 20170116180740.0 | ||
| 008 | 040130s2003 nyua 001 0 eng | ||
| 010 | _a 2004268650 | ||
| 020 | _a0072229578 | ||
| 040 | _cPNEC | ||
| 050 | 0 | 0 |
_aTK5105.59 _b.M363 2003 |
| 082 | 0 | 0 |
_a005.8 MAI _222 |
| 100 | 1 | _aMaiwald, Eric. | |
| 245 | 1 | 0 |
_aNetwork security : a beginner's guide / _cEric Maiwald. |
| 250 | _a2nd ed. | ||
| 260 |
_aNew York : _bMcGraw-Hill/Osborne, _cc2003. |
||
| 300 |
_axvii, 475 p. : _bill. ; _c24 cm. |
||
| 440 | 0 | _aEssential skills made easy | |
| 500 | _aIncludes index. | ||
| 650 | 0 |
_aComputer networks _xSecurity measures. _xComputer, MIS |
|
| 650 | 0 | _aComputer security. | |
| 856 | 4 | 2 | _uhttp://www.amazon.com/Network-Security-Beginners-Guide-Second/dp/0072229578/ref=sr_1_1?s=books&ie=UTF8&qid=1418326111&sr=1-1&keywords=0072229578&pebp=1418326075034 |
| 856 | 4 | 1 | _3Table of contents |
| 906 |
_a7 _bcbc _corigcop _d2 _encip _f20 _gy-gencatlg |
||
| 942 |
_2ddc _cBK |
||
| 999 |
_c62144 _d62144 |
||